Quality Budget Houses : a Treasury of 100 Architect-Designed Houses from
-д хадгалсан:
| Үндсэн зохиолч: | |
|---|---|
| Бусад зохиолчид: | |
| Формат: | Ном |
| Хэл сонгох: | англи |
| Хэвлэсэн: |
Nueva York, EUA :
Reinhold,
1954, c1954
|
| Нөхцлүүд: | |
| Шошгууд: |
Шошго байхгүй, Энэхүү баримтыг шошголох эхний хүн болох!
|
MARC
| LEADER | 00000nam^a2200000^a^4500 | ||
|---|---|---|---|
| 001 | 000184955 | ||
| 005 | 20250521000000.0 | ||
| 009 | 20260310102133.951 | ||
| 037 | |a Acervo ITESO - Biblioteca | ||
| 041 | |a ING | ||
| 082 | |a 721. 068 |b FOR | ||
| 100 | |a Ford, Katherine Morrow |e (autor) | ||
| 245 | 1 | 0 | |a Quality Budget Houses : |b a Treasury of 100 Architect-Designed Houses from |5 ,000 to |2 0,000 / |c K. Ford Morrow, T.H. Creighton. |
| 264 | 4 | |a Nueva York, EUA : |b Reinhold, |c 1954, c1954 | |
| 300 | |a 224 p. | ||
| 336 | |a texto |b txt |2 rdacontenido | ||
| 337 | |a sin mediación |b n |2 rdamedio | ||
| 338 | |a volumen |b nc |2 rdasoporte | ||
| 649 | |a XX | ||
| 650 | |a Presupuesto | ||
| 650 | |a Materiales de Construcción | ||
| 650 | |a Administración de Obras - |x EUA - |x Aspectos Económicos - |x Tema Principal | ||
| 650 | |a Diseño Arquitectónico - |z EUA - |x Aspectos Económicos | ||
| 650 | |a Construcción - |z EUA | ||
| 650 | |a Arquitectura Norteamericana - |x Historia y Crítica | ||
| 700 | |a Creighton, Thomas H. |e (autor) | ||
| 910 | |a Fondo Julio de la Peña Lomelín | ||
| 920 | |a Impresos - Libros | ||
| 930 | |a Arquitectos Jaliscienses | ||
| 905 | |a 115 | ||
| 901 | |a 0500125840 |b IT1 |c JAL |u 20250521 | ||
| 902 | |a https://opac.biblio.iteso.mx/vufind/Record/000184955 | ||